Potentialities of rubber seed collection and its utilisation in Sri Lanka (Record no. 65407)

MARC details
000 -LEADER
fixed length control field 00514nam a2200181Ia 4500
100 ## - MAIN ENTRY--AUTHOR NAME
Personal name Nadarajah M
245 #0 - TITLE STATEMENT
Title Potentialities of rubber seed collection and its utilisation in Sri Lanka
260 ## - PUBLICATION, DISTRIBUTION, ETC. (IMPRINT)
Name of publisher Rubber Research Institute of Sri Lanka Bulletin
Year of publication 1973
300 ## - PHYSICAL DESCRIPTION
Number of Pages 21-Sep
650 ## - SUBJECT ADDED ENTRY--TOPICAL TERM
Topical Term Rubber seed
650 ## - SUBJECT ADDED ENTRY--TOPICAL TERM
Topical Term Rubber seed oil
650 ## - SUBJECT ADDED ENTRY--TOPICAL TERM
Topical Term Sri Lanka
700 ## - ADDED ENTRY--PERSONAL NAME
Personal name Abeysinghe A
700 ## - ADDED ENTRY--PERSONAL NAME
Personal name Dayaratne W C
700 ## - ADDED ENTRY--PERSONAL NAME
Personal name Tharmalingam R
942 ## - ADDED ENTRY ELEMENTS (KOHA)
Koha item type Journals
Holdings
Withdrawn status Lost status Damaged status Not for loan Home library Current library Shelving location Date acquired Serial Enumeration / chronology Koha item type
      Journals RRII Library RRII Library Rubber general 17/12/2021 Volume 8, Issue 1 Journals